Introducation to psychology (Record no. 10017)

MARC details
000 -LEADER
fixed length control field 00629cam a2200241ua 4500
001 - CONTROL NUMBER
control field 11164
005 - DATE AND TIME OF LATEST TRANSACTION
control field 20260515114719.0
008 - FIXED-LENGTH DATA ELEMENTS--GENERAL INFORMATION
fixed length control field 190902n ii |||gr||||Z||||||eng
020 ## - INTERNATIONAL STANDARD BOOK NUMBER
International Standard Book Number 9780074622506
040 ## - CATALOGING SOURCE
Transcribing agency MAIN
041 ## - LANGUAGE CODE
Language code of text/sound track or separate title eng
082 ## - DEWEY DECIMAL CLASSIFICATION NUMBER
Classification number 150
100 ## - MAIN ENTRY--PERSONAL NAME
Personal name Cliford T Morgan,
Relator term Author.
245 ## - TITLE STATEMENT
Title Introducation to psychology
Statement of responsibility, etc. Clifford T Morgan and others
250 ## - EDITION STATEMENT
Edition statement 7th ed.
260 ## - PUBLICATION, DISTRIBUTION, ETC.
Place of publication, distribution, etc. Chennai:
Name of publisher, distributor, etc. Mcgraw hill education,
Date of publication, distribution, etc. 2017.
300 ## - PHYSICAL DESCRIPTION
Extent 724p.
653 ## - INDEX TERM--UNCONTROLLED
Uncontrolled term Psychology
700 ## - ADDED ENTRY--PERSONAL NAME
Personal name Richard A King,
Relator term Author.
700 ## - ADDED ENTRY--PERSONAL NAME
Personal name Jhon R Weisz,
Relator term Author.
700 ## - ADDED ENTRY--PERSONAL NAME
Personal name Jhon Schopler,
Relator term Author.
942 ## - ADDED ENTRY ELEMENTS (KOHA)
Koha item type Books
Holdings
Withdrawn status Lost status Damaged status Not for loan Home library Current library Shelving location Date acquired Total checkouts Full call number Barcode Date last seen Copy number Price effective from Koha item type
        Naharkatiya College Library Naharkatiya College Library General stacks 09/19/2020   150Psychology | INT 27489 09/19/2020 2 09/19/2020 Books
        Naharkatiya College Library Naharkatiya College Library General stacks 09/19/2020   150Psychology | INT 27490 09/19/2020 3 09/19/2020 Books
        Naharkatiya College Library Naharkatiya College Library General stacks 09/19/2020   150Psychology | INT 27491 09/19/2020 1 09/19/2020 Books